Investičný profil slovenského klienta koľko majetku treba mať na efektívne rozloženie rizika?

Vklady a finančné produkty. Efektívne rozloženie rizika. Investičný profil priemerného bankového klienta. Úspory a investičné nástroje. Nákup produktov a prostriedkov. Prieskum investičného správania slovenského investora.

Salvato in:
Dettagli Bibliografici
Autore principale: Škriniar, Pavel, 1979-
Natura: Capitolo di libro
Lingua:slovacco
Soggetti:
Tags: Aggiungi Tag
Nessun Tag, puoi essere il primo ad aggiungerne!!

MARC

LEADER 00000naa$a2200000$$$4500
001 0109430
005 20240502072217.2
041 0 |a slo 
044 |a SK 
245 1 0 |a Investičný profil slovenského klienta  |b koľko majetku treba mať na efektívne rozloženie rizika?  |c Pavel Škriniar 
520 |a Vklady a finančné produkty. Efektívne rozloženie rizika. Investičný profil priemerného bankového klienta. Úspory a investičné nástroje. Nákup produktov a prostriedkov. Prieskum investičného správania slovenského investora. 
610 2 0 |a Slovensko 
610 2 0 |a trh finančný 
610 2 0 |a investície súkromné 
610 2 0 |a riziko finančné 
610 2 0 |a nástroje investičné 
610 2 0 |a úspory 
610 2 0 |a obyvateľstvo 
100 1 |a Škriniar, Pavel, 1979-